Estudios sobre la subjetividad femenina. Mujeres y salud mental

Na minha lista:
Detalhes bibliográficos
Autor principal: Meler, Irene
Autor Corporativo: Universidad de Ciencias Empresariales y Sociales
Formato: Texto
Publicado em: Buenos Aires: Librería de Mujeres
Edição:2
Assuntos:
Tags: Adicionar Tag
Sem tags, seja o primeiro a adicionar uma tag!

MARC

LEADER 00000 a a2200000 04500
001 30279
003
040
020 |a 987-20555-05  
090 |a 194408  
100 |a Meler, Irene  
110 |a Universidad de Ciencias Empresariales y Sociales  
245 |a Estudios sobre la subjetividad femenina. Mujeres y salud mental  
250 |a 2  
260 |a Buenos Aires:   |b Librería de Mujeres  
300 |a 373 p.  
650 |a MUJERES  
650 |a EDAD ADULTA  
650 |a ENVEJECIMIENTO  
650 |a SALUD MENTAL  
650 |a ROL DE LA MUJER  
650 |a ANALISIS DE GENERO  
650 |a ASPECTOS PSICOLOGICOS  
999 |c 9806  |d 9806